| 000 | 00606nam a22002177a 4500 | ||
|---|---|---|---|
| 003 | BPGM | ||
| 008 | 260414m mx ||||gr|||| 001 f spa d | ||
| 020 | _a968-16-0770-8 | ||
| 040 | _bspa | ||
| 041 |
_aspa _hSPA |
||
| 082 | 0 | 4 |
_a862.09H _bS64 |
| 100 | _aSOLORZANO, CARLOS | ||
| 245 | _aEL TEATRO HISPANOAMERICANO CONTEMPORÁNEO | ||
| 260 |
_aMÉXICO _bFONDO DE CULTURA ECONÓMICA _c1964 |
||
| 300 |
_a419 _c16.8 X 11.2 CM |
||
| 336 |
_2rdacontent _atexto _btxt |
||
| 337 |
_2rdamedia _asin mediación _bn |
||
| 338 |
_2rdacarrier _avolumen _bnc |
||
| 650 |
_v862.09H _x800 _y60 _z2 |
||
| 942 |
_2ddc _cCONSULTA |
||
| 999 |
_c68568 _d68568 |
||